000
00337nam a2200145Ia 4500
008
210210b1989 xxu||||| |||| 00| 0 eng d
082
_a
621.483 INDD
100
_a
INDIA (Government of).
245
_a
Dhruva
260
_a
Bombay
_b
BARC
_c
1989
300
_a
36
650
_a
Dhruva Reactor
690
_a
Nuclear Energy
906
_a
043181
999
_c
92575
_d
92575